[Event "Guernsey Holiday"]
[Site "St Peter Port GCI"]
[Date "2003.10.19"]
[Round "1"]
[White "Warner, Marian"]
[Black "Bakkes, Frits"]
[Result "0-1"]
[WhiteElo "1288"]
[BlackElo "1600"]
[PlyCount "74"]
[EventDate "2003.10.19"]

1. e4 g6 2. d4 d6 3. h3 Bg7 4. Nf3 Nd7 5. Be3 Ngf6 6. Bd3 O-O 7. c3 c5 8. Nbd2
a6 9. b3 b5 10. c4 cxd4 11. Bxd4 Nc5 12. Qc2 Nxd3+ 13. Qxd3 bxc4 14. Nxc4 Bb7
15. Ncd2 e5 16. Bb2 a5 17. O-O Ba6 18. Nc4 d5 19. Nfxe5 dxc4 20. Qxd8 Rfxd8 21.
Nxc4 Bxc4 22. bxc4 Nxe4 23. Bxg7 Kxg7 24. Rfe1 Nc5 25. g4 Re8 26. Kf1 Re6 27.
Rxe6 Nxe6 28. Re1 Rc8 29. Rc1 g5 30. Kg2 a4 31. a3 h6 32. Kg3 Nd4 33. Re1 Rxc4
34. Re3 Nb5 35. Kf3 Rc3 36. Rxc3 Nxc3 37. Ke3 Nb5 0-1

[Event "Guernsey Holiday"]
[Site "St Peter Port GCI"]
[Date "2003.10.20"]
[Round "2"]
[White "Carlucci, Paul A"]
[Black "Van Beek, Ronald"]
[Result "1-0"]
[WhiteElo "1720"]
[BlackElo "1385"]
[PlyCount "69"]
[EventDate "2003.10.19"]

1. d4 d5 2. Nf3 Nf6 3. e3 g6 4. c4 c6 5. Nc3 Bg7 6. Bd3 O-O 7. O-O Bg4 8. h3
Bxf3 9. Qxf3 Re8 10. Bd2 e6 11. Rab1 Nbd7 12. cxd5 Nxd5 13. Nd1 e5 14. e4 N5b6
15. d5 cxd5 16. Ba5 d4 17. Bb5 Qe7 18. Qe2 Qc5 19. b4 Qd6 20. Nb2 Rac8 21. Bxb6
axb6 22. Nd3 Rc3 23. Ba4 Ra8 24. Bb3 Kf8 25. f4 Ke8 26. f5 Nf6 27. fxg6 fxg6
28. Rf3 Ke7 29. Rbf1 Rf8 30. g4 g5 31. Rf5 h6 32. Rxe5+ Kd8 33. Rff5 Kc7 34.
Kg2 Nh7 35. Re6 1-0

[Event "Guernsey Holiday"]
[Site "St Peter Port GCI"]
[Date "2003.10.20"]
[Round "2"]
[White "Palmer, EL.."]
[Black "Warner, Marian"]
[Result "1-0"]
[WhiteElo "1575"]
[BlackElo "1288"]
[PlyCount "57"]
[EventDate "2003.10.19"]

1. e4 e5 2. Nf3 d6 3. c3 Be6 4. d4 Nd7 5. Ng5 h6 6. Nxe6 fxe6 7. Qh5+ Ke7 8.
Bc4 Qe8 9. Qxe8+ Rxe8 10. Be3 Nb6 11. Bb3 exd4 12. cxd4 d5 13. Nc3 c6 14. O-O
Nf6 15. e5 Nfd7 16. Bc2 Rb8 17. f4 Nc4 18. Bc1 Re8 19. b3 Ncb6 20. Bg6 Rb8 21.
f5 exf5 22. Rxf5 Kd8 23. Bf4 Ra8 24. Bg3 Nc8 25. Rf7 Bb4 26. Ne2 Bf8 27. Raf1
h5 28. e6 Nf6 29. Bc7+ 1-0

[Event "Guernsey Holiday"]
[Site "St Peter Port GCI"]
[Date "2003.10.21"]
[Round "3"]
[White "Allen, Ralph N"]
[Black "Draaisma, G.."]
[Result "1-0"]
[WhiteElo "1704"]
[BlackElo "1405"]
[PlyCount "95"]
[EventDate "2003.10.19"]

1. e4 c5 2. c3 Nc6 3. d4 cxd4 4. cxd4 e6 5. Nf3 Be7 6. Nc3 a6 7. Bd3 d6 8. O-O
Bd7 9. Re1 Qc7 10. Be3 Bf6 11. Rc1 Qd8 12. d5 Ne5 13. dxe6 fxe6 14. Nxe5 Bxe5
15. f4 Bxc3 16. Rxc3 Nf6 17. e5 Nd5 18. Qh5+ g6 19. Bxg6+ hxg6 20. Qxh8+ Kf7
21. Qh7+ Kf8 22. Qh8+ Kf7 23. Qxd8 Rxd8 24. Rcc1 Bc6 25. Rcd1 Ke7 26. exd6+
Kxd6 27. Bf2 Rf8 28. g3 Rf5 29. Bd4 g5 30. Re5 gxf4 31. Rxf5 exf5 32. gxf4 Nxf4
33. Be3+ Ke5 34. Bxf4+ Kxf4 35. Kf2 Ke5 36. Re1+ Be4 37. h4 f4 38. h5 Kd4 39.
Rxe4+ Kxe4 40. h6 Kd3 41. h7 Kc2 42. h8=Q Kb1 43. a3 b5 44. Ke2 a5 45. Kd2 b4
46. axb4 axb4 47. Qd4 f3 48. Qxb4 1-0

[Event "Guernsey Holiday"]
[Site "St Peter Port GCI"]
[Date "2003.10.21"]
[Round "3"]
[White "Ingram, Norman F"]
[Black "Palmer, EL.."]
[Result "1/2-1/2"]
[WhiteElo "1200"]
[BlackElo "1575"]
[PlyCount "40"]
[EventDate "2003.10.19"]

1. e4 c5 2. Nf3 a6 3. d4 cxd4 4. Nxd4 e5 5. Nf3 Nf6 6. Nc3 Bb4 7. Nxe5 Qc7 8.
Nd3 Bxc3+ 9. bxc3 Qxc3+ 10. Bd2 Qd4 11. f3 O-O 12. c3 Qb6 13. Rb1 Qc7 14. Be2
d6 15. O-O Nc6 16. Bf4 Ne5 17. Qe1 Be6 18. Bg5 Nxd3 19. Bxd3 Qc5+ 20. Be3 Qc7
1/2-1/2

[Event "Guernsey Holiday"]
[Site "St Peter Port GCI"]
[Date "2003.10.21"]
[Round "3"]
[White "Newrick, William R"]
[Black "Herschmann, Heinz"]
[Result "1-0"]
[WhiteElo "1416"]
[BlackElo "1296"]
[PlyCount "87"]
[EventDate "2003.10.19"]

1. d4 d5 2. Nf3 e6 3. e3 Nf6 4. c4 dxc4 5. Bxc4 Be7 6. Nc3 O-O 7. O-O Nc6 8. a3
a6 9. Re1 Re8 10. e4 h6 11. e5 Nd5 12. Bd3 Bf8 13. Nxd5 exd5 14. h3 Be6 15. Qc2
Qd7 16. Be3 Rac8 17. Rad1 Ne7 18. b4 Bf5 19. g4 Bxd3 20. Qxd3 Ng6 21. Kh2 Be7
22. Qf5 Qxf5 23. gxf5 Nh4 24. Nxh4 Bxh4 25. Kg2 Kh7 26. Bf4 g6 27. f6 Re6 28.
Bg3 Bxg3 29. fxg3 g5 30. Rc1 c6 31. Kf3 Kg6 32. g4 b5 33. Ke3 Rh8 34. Rh1 h5
35. Kf3 h4 36. Rc5 Rc8 37. Rhc1 Kh7 38. Ke3 Kg8 39. Kd3 Kh7 40. Kc3 Ra8 41. Kb3
Rc8 42. Rxd5 cxd5 43. Rxc8 Rb6 44. Rc5 1-0

[Event "Guernsey Holiday"]
[Site "St Peter Port GCI"]
[Date "2003.10.22"]
[Round "4"]
[White "Derrett, Ben"]
[Black "Finch, JR.."]
[Result "1/2-1/2"]
[WhiteElo "1360"]
[BlackElo "1700"]
[PlyCount "54"]
[EventDate "2003.10.19"]

1. c4 g6 2. g3 Bg7 3. Bg2 Nf6 4. Nc3 d6 5. d4 O-O 6. e3 Nc6 7. Nge2 Re8 8. O-O
e5 9. d5 Ne7 10. e4 Nd7 11. Bg5 a5 12. a3 f5 13. f3 Nf6 14. b4 Bd7 15. c5 h6
16. Be3 g5 17. b5 dxc5 18. Bxc5 b6 19. Bf2 fxe4 20. fxe4 Ng4 21. h3 Nxf2 22.
Rxf2 Qc8 23. Kh2 Rf8 24. Qf1 Rxf2 25. Qxf2 Qf8 26. Rf1 Qxf2 27. Rxf2 Rf8
1/2-1/2

[Event "Guernsey Holiday"]
[Site "St Peter Port GCI"]
[Date "2003.10.22"]
[Round "4"]
[White "Beggs, Matthew"]
[Black "Kearsley, RJ.."]
[Result "1-0"]
[WhiteElo "1248"]
[BlackElo "1656"]
[PlyCount "161"]
[EventDate "2003.10.19"]

1. d4 Nf6 2. c4 g6 3. Nc3 d5 4. Bf4 Bg7 5. Nf3 O-O 6. e3 c6 7. Bd3 Nbd7 8. O-O
dxc4 9. Bxc4 Nb6 10. Bb3 Nbd5 11. Nxd5 Nxd5 12. Bg3 Bg4 13. Qe2 e6 14. Rfd1 Qb6
15. Rac1 Rad8 16. e4 Nf6 17. Be5 Nh5 18. Bxg7 Kxg7 19. e5 Nf4 20. Qe4 Bxf3 21.
gxf3 Rxd4 22. Rxd4 Qxd4 23. Qxd4 Ne2+ 24. Kg2 Nxd4 25. Rd1 c5 26. f4 Rd8 27. f3
{(=)} b6 28. Kf2 Kf8 29. Bc2 Ke7 30. Be4 Kd7 31. h4 h5 32. b3 Kc7 33. Rd3 Nb5
34. Ke3 Rxd3+ 35. Kxd3 {(=)} a5 36. Kc4 Nd4 37. a4 Ne2 38. f5 gxf5 39. Bc2 Nf4
40. Bd1 Ng6 41. f4 Nxf4 42. Bf3 Ng6 43. Bxh5 Nxe5+ 44. Kc3 Kd6 45. Kd2 Kd5 46.
Ke3 Ng6 47. Bf3+ Ke5 48. h5 Nh8 49. Kd3 {(=)} Kf4 50. Bd1 Ke5 51. Kc4 Kd6 52.
Kd3 e5 53. Ke3 Kd5 54. Be2 f4+ 55. Kf3 Kd4 56. Bc4 Kc3 57. Ke4 Kd2 58. Kf3 f5
59. h6 Ng6 60. h7 e4+ 61. Kf2 e3+ 62. Kf3 Nh4+ 63. Kxf4 Ng6+ 64. Kxf5 Nh8 65.
Kf6 e2 66. Bxe2 Kxe2 67. Kg7 Kd3 68. Kxh8 Kc3 69. Kg8 Kxb3 70. h8=Q Kxa4 71.
Qa1+ Kb4 72. Qb2+ Kc4 73. Qxb6 a4 74. Qb2 Kd3 75. Qa3+ Kd4 76. Qxa4+ c4 77. Qc2
c3 78. Kf7 Kc4 79. Ke6 Kd4 80. Kf5 Kc4 81. Ke4 1-0

[Event "Guernsey Holiday"]
[Site "St Peter Port GCI"]
[Date "2003.10.22"]
[Round "4"]
[White "Warner, Marian"]
[Black "Newrick, William R"]
[Result "1/2-1/2"]
[WhiteElo "1288"]
[BlackElo "1416"]
[PlyCount "40"]
[EventDate "2003.10.19"]

1. e4 c5 2. Nf3 Nc6 3. Bc4 e6 4. Nc3 a6 5. a4 d6 6. b3 Nf6 7. Bb2 Be7 8. O-O
O-O 9. Re1 h6 10. d4 cxd4 11. Nxd4 Nxd4 12. Qxd4 e5 13. Qd3 Qb6 14. Nd5 Nxd5
15. Bxd5 Be6 16. c4 Bh4 17. Qe3 Qxe3 18. Rxe3 Bxd5 19. cxd5 Rac8 20. Re2 f5
1/2-1/2

[Event "Guernsey Holiday"]
[Site "St Peter Port GCI"]
[Date "2003.10.23"]
[Round "5"]
[White "Beggs, Matthew"]
[Black "Wood, PC.."]
[Result "0-1"]
[WhiteElo "1248"]
[BlackElo "1664"]
[PlyCount "52"]
[EventDate "2003.10.19"]

1. d4 d5 2. c4 e6 3. Nc3 Be7 4. Nf3 Nf6 5. Bg5 h6 6. Bh4 O-O 7. e3 b6 8. Bd3
Bb7 9. O-O Nbd7 10. Qe2 Ne4 11. Bxe7 Qxe7 12. Rac1 Ndf6 13. Ne5 Rac8 14. cxd5
exd5 15. Nb5 c5 16. Rfd1 Ba6 17. Nxa7 Qxa7 18. Bxa6 Ra8 19. Bb5 Qxa2 20. f3 Nd6
21. Bc6 Ra5 22. Rd2 Qb3 23. Rc3 Ra1+ 24. Kf2 Qb4 25. dxc5 Qh4+ 26. g3 Qxh2# 0-1

[Event "Guernsey Holiday"]
[Site "St Peter Port GCI"]
[Date "2003.10.23"]
[Round "5"]
[White "Kearsley, RJ.."]
[Black "Warner, Marian"]
[Result "1-0"]
[WhiteElo "1656"]
[BlackElo "1288"]
[PlyCount "69"]
[EventDate "2003.10.19"]

1. e4 e5 2. Nf3 Nc6 3. Bb5 d6 4. d4 Bg4 5. dxe5 Bxf3 6. Qxf3 dxe5 7. O-O Qf6 8.
Bxc6+ Qxc6 9. Nc3 Nf6 10. Bg5 Be7 11. Rfd1 O-O 12. Rd2 Rad8 13. Nd5 Nxd5 14.
exd5 Qd7 15. Bxe7 Qxe7 16. Re1 c6 17. c4 Rd6 18. Qa3 Re8 19. Qxa7 cxd5 20. cxd5
Rc8 21. a3 f5 22. Qe3 Re8 23. Rc1 Kf7 24. Qb3 Kf6 25. Rc3 Red8 26. Qc4 R8d7 27.
Qh4+ g5 28. Qh6+ Kf7 29. Qxh7+ Kf6 30. Qh6+ Kf7 31. Qh5+ Kf6 32. Qd1 Qf7 33.
Rc5 e4 34. Qb3 Ke5 35. Qc3+ 1-0

[Event "Guernsey Holiday"]
[Site "St Peter Port GCI"]
[Date "2003.10.23"]
[Round "5"]
[White "Ingram, Norman F"]
[Black "Bakkes, Frits"]
[Result "0-1"]
[WhiteElo "1200"]
[BlackElo "1600"]
[PlyCount "60"]
[EventDate "2003.10.19"]

1. e4 c5 2. Nf3 Nc6 3. d4 cxd4 4. Nxd4 e5 5. Nf3 Nf6 6. Nc3 Bb4 7. Bc4 Nxe4 8.
Qd5 Nd6 9. O-O Bxc3 10. Qxd6 Bb4 11. Qd5 Qe7 12. c3 Ba5 13. Re1 d6 14. Bg5 Qc7
15. Rad1 Be6 16. Qd3 Bxc4 17. Qxc4 h6 18. Bc1 Ne7 19. Qg4 g5 20. b4 Bb6 21. Rd3
Kf8 22. Qh5 Ng6 23. Bxg5 hxg5 24. Qxg5 Nf4 25. Qf6 Bxf2+ 26. Kf1 Nxd3 27. Qxh8+
Ke7 28. Qg7 Bxe1 29. Ng5 Qc4 30. Ke2 Nf4+ 0-1

[Event "Guernsey Holiday"]
[Site "St Peter Port GCI"]
[Date "2003.10.23"]
[Round "5"]
[White "Gunning, Michael"]
[Black "Herschmann, Heinz"]
[Result "1/2-1/2"]
[WhiteElo "1275"]
[BlackElo "1296"]
[PlyCount "82"]
[EventDate "2003.10.19"]

1. d4 Nf6 2. Nf3 d5 3. e3 e6 4. Nbd2 c5 5. c3 b6 6. Be2 Bb7 7. Ne5 Be7 8. a3 h6
9. b3 O-O 10. a4 a5 11. h3 Nbd7 12. Ng4 Nxg4 13. Bxg4 Nf6 14. h4 Nxg4 15. Qxg4
f5 16. Qh3 Bc8 17. Nf3 Qe8 18. g3 Bd6 19. Ne5 Bxe5 20. dxe5 Qg6 21. f4 Bb7 22.
h5 Qg4 23. Qxg4 fxg4 24. Rh4 Bc6 25. Rxg4 Be8 26. Rh4 Bc6 27. Bd2 Rf7 28. g4
Kf8 29. O-O-O Ke7 30. Rg1 Raf8 31. Be1 c4 32. Kb2 Rb8 33. Ka3 b5 34. b4 bxa4
35. g5 Rh8 36. g6 Rf5 37. Rh2 Rb8 38. Bh4+ Kd7 39. Be1 Ke7 40. Rgg2 Kd7 41. Rd2
Kc7 1/2-1/2

[Event "Guernsey Holiday"]
[Site "St Peter Port GCI"]
[Date "2003.10.24"]
[Round "6"]
[White "Palmer, EL.."]
[Black "Beggs, Matthew"]
[Result "0-1"]
[WhiteElo "1575"]
[BlackElo "1248"]
[PlyCount "34"]
[EventDate "2003.10.19"]

1. e4 c5 2. Nc3 Nc6 3. f4 d6 4. Nf3 Nf6 5. Bb5 Bd7 6. Bxc6 Bxc6 7. d3 g6 8. O-O
Bg7 9. Qe2 O-O 10. Kh1 Qc7 11. Nh4 Rfd8 12. Be3 b5 13. Rad1 d5 14. exd5 Nxd5
15. Nxd5 Bxd5 16. d4 cxd4 17. Bxd4 Bc4 0-1

[Event "Guernsey Holiday"]
[Site "St Peter Port GCI"]
[Date "2003.10.24"]
[Round "6"]
[White "Warner, Marian"]
[Black "Ingram, Norman F"]
[Result "0-1"]
[WhiteElo "1288"]
[BlackElo "1200"]
[PlyCount "94"]
[EventDate "2003.10.19"]

1. e4 e5 2. Nf3 Nc6 3. Bc4 h6 4. O-O d6 5. h3 Nf6 6. d3 Be6 7. Bb5 Qc8 8. Kh2
Be7 9. Bxc6+ bxc6 10. Rg1 Qd7 11. Nc3 g5 12. Ne1 Nh7 13. g4 O-O-O 14. Be3 a6
15. d4 h5 16. f3 hxg4 17. fxg4 Nf6 18. Kg3 Rxh3+ 19. Kxh3 Rh8+ 20. Kg2 Nxg4 21.
Qd3 Qe8 22. Qxa6+ Kd7 23. Nd1 Rh2+ 24. Kf1 Qh8 25. Ng2 Qf6+ 26. Ke1 Qf3 27. Qe2
Qxe4 28. Nc3 Qg6 29. d5 cxd5 30. Qb5+ c6 31. Qb7+ Ke8 32. Qxc6+ Kf8 33. Nxd5
Bxd5 34. Qxd5 Qxc2 35. Qd2 Qg6 36. Ke2 f5 37. Qc2 Qe6 38. b3 f4 39. Bf2 e4 40.
Kf1 f3 41. Re1 d5 42. Ne3 Rxf2+ 43. Qxf2 Nxf2 44. Kxf2 Bc5 45. Rxg5 Ba7 46.
Rf5+ Qxf5 47. Kf1 Qh3+ 0-1

[Event "Guernsey Holiday"]
[Site "St Peter Port GCI"]
[Date "2003.10.25"]
[Round "7"]
[White "Derrett, Ben"]
[Black "Wood, PC.."]
[Result "1-0"]
[WhiteElo "1360"]
[BlackElo "1664"]
[PlyCount "43"]
[EventDate "2003.10.19"]

1. c4 e6 2. g3 d5 3. cxd5 exd5 4. Bg2 Nf6 5. d4 c6 6. Nf3 Bf5 7. Nc3 Nbd7 8.
Bf4 Ne4 9. O-O Nxc3 10. bxc3 Nf6 11. Qb3 Qb6 12. Nd2 Ne4 13. Nxe4 Bxe4 14. Bxe4
dxe4 15. Qc2 f5 16. Rab1 Qa6 17. Qb3 b6 18. Qe6+ Kd8 19. Bg5+ Kc7 20. Qf7+ Kc8
21. Qe8+ Kc7 22. Qxa8 1-0

[Event "Guernsey Holiday"]
[Site "St Peter Port GCI"]
[Date "2003.10.25"]
[Round "7"]
[White "Kearsley, RJ.."]
[Black "Draaisma, G.."]
[Result "1-0"]
[WhiteElo "1656"]
[BlackElo "1405"]
[PlyCount "65"]
[EventDate "2003.10.19"]

1. e4 e6 2. d3 Nc6 3. Nf3 b6 4. g3 Bb7 5. Bg2 g6 6. O-O Bg7 7. Nc3 Nge7 8. d4
d5 9. exd5 exd5 10. Re1 O-O 11. Ne2 a6 12. c3 Re8 13. h4 h6 14. Bf4 Bc8 15. Qd2
Kh7 16. Nc1 Bg4 17. Nd3 f6 18. Nh2 Bf5 19. Re2 Qd7 20. Rae1 a5 21. f3 a4 22. a3
Na5 23. Nc1 Nc4 24. Qd1 g5 25. hxg5 fxg5 26. Be5 Bg6 27. Ng4 Nf5 28. Kf2 Re6
29. Bxg7 Nxg7 30. Rxe6 Nxe6 31. Nf6+ Kg7 32. Nxd7 Nxb2 33. Qe2 1-0

[Event "Guernsey Holiday"]
[Site "St Peter Port GCI"]
[Date "2003.10.25"]
[Round "7"]
[White "Gunning, Michael"]
[Black "Warner, Marian"]
[Result "0-1"]
[WhiteElo "1275"]
[BlackElo "1288"]
[PlyCount "40"]
[EventDate "2003.10.19"]

1. d4 d5 2. Nf3 h6 3. e3 a6 4. Nbd2 Nc6 5. a3 Nf6 6. Bd3 e6 7. h3 Bd6 8. b4 b5
9. O-O Bb7 10. c3 O-O 11. Qc2 Ne7 12. Re1 g6 13. Nb3 Kg7 14. Nc5 Bc6 15. Ne5
Bxe5 16. dxe5 Nd7 17. f4 Nxc5 18. bxc5 Qd7 19. Rf1 f5 20. exf6+ Rxf6 {0-1, 48.}
0-1

[Event "Guernsey Open XXIX"]
[Site "St Peter Port GCI"]
[Date "2003.10.19"]
[Round "1"]
[White "Burton, Ronnie"]
[Black "Bellin, Robert"]
[Result "0-1"]
[WhiteElo "2054"]
[BlackElo "2360"]
[PlyCount "98"]
[EventDate "2003.10.19"]

1. d4 Nf6 2. Nf3 g6 3. Bf4 Bg7 4. e3 d6 5. h3 O-O 6. Be2 Nfd7 7. c3 e5 8. dxe5
dxe5 9. Bg5 f6 10. Bh4 Qe7 11. O-O Nc6 12. Na3 Nb6 13. e4 Be6 14. Bb5 Nd8 15.
Qe2 Qf7 16. b3 a6 17. Bd3 Nc6 18. Nc2 h6 19. Nh2 f5 20. f3 f4 21. Bf2 Rfd8 22.
Rfd1 Bf8 23. Rd2 Kg7 24. Rad1 Be7 25. Ne1 Nd7 26. Bb1 g5 27. Nd3 h5 28. Kf1 Qg6
29. Bg1 Bd6 30. c4 Be7 31. Nf2 Bc5 32. Nd3 Bxg1 33. Kxg1 Nd4 34. Qf2 c5 35. Re1
b6 36. Nc1 Nb8 37. Ne2 Nbc6 38. Nc3 Qf7 39. Nd5 Rab8 40. Kf1 b5 41. Bd3 b4 42.
Bb1 a5 43. h4 g4 44. fxg4 hxg4 45. g3 fxg3 46. Qxf7+ Kxf7 47. Nxg4 Bxg4 48. Rd3
Bh3+ 49. Kg1 Rg8 0-1

[Event "Guernsey Open XXIX"]
[Site "St Peter Port GCI"]
[Date "2003.10.19"]
[Round "1"]
[White "Gwaze, Robert"]
[Black "Dennis, Nigel W"]
[Result "1-0"]
[WhiteElo "2340"]
[BlackElo "2070"]
[PlyCount "85"]
[EventDate "2003.10.19"]

1. e4 c5 2. Nf3 e6 3. d4 cxd4 4. Nxd4 Nf6 5. Nc3 d6 6. Be2 Nc6 7. O-O a6 8. Kh1
Be7 9. a4 Qc7 10. f4 O-O 11. Be3 Bd7 12. Nb3 Na5 13. Nxa5 Qxa5 14. Qe1 Rac8 15.
Nd5 Qd8 16. Bb6 Qe8 17. Nc7 Rxc7 18. Bxc7 Nxe4 19. Bxa6 Nc5 20. Be2 Qc8 21. Bb6
Nxa4 22. Bd4 Qxc2 23. Qg3 Qg6 24. Qe3 Bf6 25. Bd3 Bxd4 26. Qxd4 Qf6 27. Rxa4
Bxa4 28. Qxa4 Qxb2 29. Rb1 Qd2 30. Qd4 g6 31. Qxd6 Rc8 32. h3 Rc1+ 33. Rxc1
Qxc1+ 34. Kh2 Qe3 35. Qb8+ Kg7 36. Qe5+ Qxe5 37. fxe5 f6 38. Kg3 fxe5 39. Kf3
Kf6 40. Ke4 h5 41. g3 h4 42. g4 b6 43. Be2 1-0

[Event "Guernsey Open XXIX"]
[Site "St Peter Port GCI"]
[Date "2003.10.19"]
[Round "1"]
[White "Goldberg, Menashe G"]
[Black "Burrows, M.."]
[Result "0-1"]
[WhiteElo "2018"]
[BlackElo "2196"]
[PlyCount "70"]
[EventDate "2003.10.19"]

1. e4 c5 2. Nc3 Nc6 3. f4 g6 4. Nf3 Bg7 5. Bc4 e6 6. O-O Nge7 7. a3 O-O 8. d3
a6 9. Qe1 b5 10. Ba2 d5 11. Rb1 Bb7 12. Qh4 Nd4 13. f5 Nxf3+ 14. Rxf3 exf5 15.
Bg5 f6 16. Be3 Rc8 17. Rd1 Kh8 18. Bh6 Bxh6 19. Qxh6 Ng8 20. Qh4 fxe4 21. Rh3
Rc7 22. dxe4 d4 23. Nd5 Bxd5 24. Bxd5 f5 25. Qg3 Nf6 26. Qxg6 Nxd5 27. exd5
Qxd5 28. Qxa6 Rg7 29. Rg3 f4 30. Rxg7 Kxg7 31. Qxb5 f3 32. Qf1 f2+ 33. Kh1 Qf5
34. Rd2 Qf4 35. Rxf2 Qxf2 0-1

[Event "Guernsey Open XXIX"]
[Site "St Peter Port GCI"]
[Date "2003.10.20"]
[Round "2"]
[White "Bellin, Robert"]
[Black "Lock, Gavin R"]
[Result "1/2-1/2"]
[WhiteElo "2360"]
[BlackElo "2161"]
[PlyCount "43"]
[EventDate "2003.10.19"]

1. Nf3 d5 2. b3 Bg4 3. Bb2 Nd7 4. e3 Ngf6 5. h3 Bxf3 6. Qxf3 e6 7. g4 c6 8. Bg2
a5 9. a4 e5 10. Qe2 Bd6 11. g5 Ng8 12. f4 Ne7 13. h4 Qc7 14. Nc3 O-O-O 15. fxe5
Bxe5 16. O-O-O Kb8 17. d4 Bd6 18. e4 dxe4 19. Bxe4 f5 20. Bf3 Rhe8 21. Kb1 Nb6
22. Qg2 1/2-1/2

[Event "Guernsey Open XXIX"]
[Site "St Peter Port GCI"]
[Date "2003.10.20"]
[Round "2"]
[White "Brown, Alan M"]
[Black "Gwaze, Robert"]
[Result "0-1"]
[WhiteElo "2128"]
[BlackElo "2340"]
[PlyCount "46"]
[EventDate "2003.10.19"]

1. d4 Nf6 2. c4 e6 3. Nc3 Bb4 4. Qc2 O-O 5. Nf3 b6 6. Bg5 Bb7 7. a3 Bxc3+ 8.
Qxc3 d6 9. e3 Nbd7 10. Bd3 Qe7 11. O-O-O Rfe8 12. Rhe1 Rac8 13. e4 e5 14. Bc2
a6 15. dxe5 dxe5 16. Nh4 Qe6 17. f4 h6 18. f5 Qe7 19. Bd2 Nc5 20. Qf3 Rcd8 21.
b4 Bxe4 22. Bxe4 Ncxe4 23. Rxe4 Nxe4 0-1

[Event "Guernsey Open XXIX"]
[Site "St Peter Port GCI"]
[Date "2003.10.20"]
[Round "2"]
[White "Burrows, M.."]
[Black "Goris, Ton"]
[Result "1-0"]
[WhiteElo "2196"]
[BlackElo "2125"]
[PlyCount "67"]
[EventDate "2003.10.19"]

1. e4 e6 2. d4 d5 3. Nc3 Bb4 4. e5 c5 5. a3 Bxc3+ 6. bxc3 Qc7 7. Nf3 Ne7 8. a4
b6 9. Bb5+ Bd7 10. Bd3 Nbc6 11. O-O c4 12. Be2 O-O-O 13. Ba3 Nf5 14. Ng5 Be8
15. Bg4 h6 16. Nh3 Nce7 17. Bb4 a6 18. Nf4 g6 19. Qc1 a5 20. Ba3 Ng8 21. Bxf5
gxf5 22. Qb2 Qc6 23. Rfb1 Rd7 24. Qxb6 Qxb6 25. Rxb6 Rb7 26. Rxb7 Kxb7 27. Rb1+
Kc8 28. Bd6 Bxa4 29. Ra1 Bc6 30. Rxa5 Rh7 31. Ra7 Bb7 32. Nh5 f6 33. exf6 Kd8
34. Ng7 1-0

[Event "Guernsey Open XXIX"]
[Site "St Peter Port GCI"]
[Date "2003.10.20"]
[Round "2"]
[White "Kahar, Krunal"]
[Black "De Kruif, Kees"]
[Result "1/2-1/2"]
[WhiteElo "2185"]
[BlackElo "2148"]
[PlyCount "48"]
[EventDate "2003.10.19"]

1. d4 Nf6 2. Nf3 e6 3. e3 c5 4. Be2 Be7 5. O-O O-O 6. c4 d5 7. cxd5 Nxd5 8. e4
Nf6 9. Nc3 Nc6 10. dxc5 Bxc5 11. Bg5 Be7 12. Qb3 a6 13. Rfd1 Qa5 14. Rac1 Rd8
15. Rxd8+ Qxd8 16. Rd1 Qc7 17. Rc1 Qd8 18. Be3 b5 19. e5 Nd7 20. Bf4 Bb7 21.
Nb1 Rc8 22. Qe3 Nb4 23. Rxc8 Qxc8 24. Nc3 Nd5 1/2-1/2

[Event "Guernsey Open XXIX"]
[Site "St Peter Port GCI"]
[Date "2003.10.20"]
[Round "2"]
[White "Rowe, Peter"]
[Black "Thurlow, Kevin J"]
[Result "1-0"]
[WhiteElo "2085"]
[BlackElo "2203"]
[PlyCount "45"]
[EventDate "2003.10.19"]

1. d4 Nf6 2. Bf4 e6 3. e3 b6 4. Nf3 Bb7 5. Nbd2 Be7 6. Bd3 d5 7. O-O O-O 8. Ne5
Ne4 9. c4 f6 10. Nef3 Nd7 11. cxd5 exd5 12. Qc2 f5 13. Qxc7 Qxc7 14. Bxc7 Rac8
15. Rac1 Ndf6 16. a3 Ng4 17. Bg3 Bf6 18. Bb5 Nxd2 19. Nxd2 f4 20. Bxf4 Bxd4 21.
Rxc8 Bxc8 22. h3 Ne5 23. exd4 1-0

[Event "Guernsey Open XXIX"]
[Site "St Peter Port GCI"]
[Date "2003.10.20"]
[Round "2"]
[White "Ippel, Cornelius J"]
[Black "Rosen, Daniel B"]
[Result "1-0"]
[WhiteElo "2108"]
[BlackElo "2201"]
[PlyCount "57"]
[EventDate "2003.10.19"]

1. Nc3 d5 2. e4 d4 3. Nce2 e5 4. Ng3 Nf6 5. Bc4 Bd6 6. d3 h6 7. Nf3 Nc6 8. a3
O-O 9. Qe2 Na5 10. Ba2 c5 11. Nh4 b5 12. Nhf5 Kh7 13. O-O Ng8 14. f4 exf4 15.
Bxf4 Bxf4 16. Rxf4 g6 17. Nh4 g5 18. Rxf7+ Rxf7 19. Bxf7 gxh4 20. Nh5 Rb8 21.
Rf1 Rb6 22. Qf3 Ne7 23. Nf6+ Kh8 24. Qh5 Qf8 25. Ne8 Kh7 26. Bg6+ Nxg6 27. Rxf8
Nxf8 28. Qf7+ Kh8 29. Qg7# 1-0

[Event "Guernsey Open XXIX"]
[Site "St Peter Port GCI"]
[Date "2003.10.20"]
[Round "2"]
[White "Goman, Colin R"]
[Black "Goldberg, Menashe G"]
[Result "0-1"]
[WhiteElo "1590"]
[BlackElo "2018"]
[PlyCount "46"]
[EventDate "2003.10.19"]

1. d4 Nf6 2. Nf3 g6 3. Nc3 d5 4. h3 Bg7 5. Be3 O-O 6. Qd2 Nc6 7. O-O-O a5 8.
Bh6 a4 9. Bxg7 Kxg7 10. a3 Na5 11. e3 c6 12. Ne5 b5 13. Nxc6 Nxc6 14. Bxb5 Bd7
15. Bxa4 Na5 16. Bxd7 Nc4 17. Qe2 Qxd7 18. a4 Rxa4 19. Nxa4 Qxa4 20. c3 Rb8 21.
b4 Ne4 22. Qc2 Qa3+ 23. Kb1 Nxc3+ 0-1

[Event "Guernsey Open XXIX"]
[Site "St Peter Port GCI"]
[Date "2003.10.21"]
[Round "3"]
[White "Burrows, M.."]
[Black "Hillarp Persson, Tiger"]
[Result "0-1"]
[WhiteElo "2196"]
[BlackElo "2461"]
[PlyCount "88"]
[EventDate "2003.10.19"]

1. e4 g6 2. d4 Bg7 3. Nc3 d6 4. Be3 a6 5. Qd2 Nd7 6. f3 b5 7. a4 b4 8. Nd1 c5
9. c3 bxc3 10. bxc3 Qa5 11. Bd3 Ngf6 12. Ne2 O-O 13. Nb2 Rb8 14. Nc4 Qd8 15.
O-O cxd4 16. cxd4 d5 17. Na5 dxe4 18. fxe4 Bb7 19. Nxb7 Rxb7 20. e5 Nd5 21.
Bxa6 Rb3 22. Bh6 Bxh6 23. Qxh6 Nxe5 24. dxe5 Qb6+ 25. Kh1 Qxa6 26. Nd4 Ne3 27.
Rfe1 Rd3 28. Nf3 Nf5 29. Qf4 Rc8 30. Re4 Rc2 31. e6 f6 32. Rb1 Kg7 33. Qb8 Rxf3
34. gxf3 Qd3 35. Qf4 Rf2 36. Rg1 Rxf3 37. Qg4 Rf2 38. h4 Qc2 39. Rg2 Rxg2 40.
Qxg2 Qxe4 41. Qxe4 Ng3+ 42. Kg2 Nxe4 43. a5 Nc5 44. Kf3 g5 0-1

[Event "Guernsey Open XXIX"]
[Site "St Peter Port GCI"]
[Date "2003.10.21"]
[Round "3"]
[White "Webster, Andrew"]
[Black "Ruston, Mark R"]
[Result "1-0"]
[WhiteElo "2415"]
[BlackElo "2065"]
[PlyCount "53"]
[EventDate "2003.10.19"]

1. c4 b6 2. Nc3 Bb7 3. e4 c5 4. Nf3 g6 5. d4 Bg7 6. d5 d6 7. Bf4 Nd7 8. Qd2 h5
9. Bd3 Ngf6 10. h3 a6 11. O-O Qc7 12. Rfe1 Ne5 13. Nxe5 dxe5 14. Be3 h4 15. b4
Nd7 16. Na4 O-O 17. Rab1 Bc8 18. Rb3 Qd6 19. bxc5 bxc5 20. Qa5 f5 21. f3 f4 22.
Bf2 Qf6 23. Nxc5 Nxc5 24. Qxc5 Qg5 25. Kh1 Qh5 26. Bf1 Bf6 27. Qc7 1-0

[Event "Guernsey Open XXIX"]
[Site "St Peter Port GCI"]
[Date "2003.10.21"]
[Round "3"]
[White "Van Herck, Marcel"]
[Black "Ippel, Cornelius J"]
[Result "1-0"]
[WhiteElo "2215"]
[BlackElo "2108"]
[PlyCount "57"]
[EventDate "2003.10.19"]

1. e4 e6 2. d4 d5 3. Nc3 Bb4 4. Nge2 dxe4 5. a3 Bxc3+ 6. Nxc3 Nc6 7. d5 exd5 8.
Qxd5 Nf6 9. Qxd8+ Nxd8 10. Bg5 Bf5 11. Bxf6 gxf6 12. Nd5 Rc8 13. O-O-O c6 14.
Nxf6+ Ke7 15. Nxe4 Bxe4 16. Re1 Ne6 17. Rxe4 Rcd8 18. Bc4 Rd6 19. Rd1 Rhd8 20.
Rxd6 Rxd6 21. Bxe6 fxe6 22. Rh4 Kd8 23. Rxh7 Kc8 24. Re7 a6 25. h4 b5 26. h5
Kd8 27. Ra7 e5 28. g4 Rh6 29. Kd2 1-0